000 nam a22 7a 4500
999 _c8945
_d8945
008 180120b ||||| |||| 00| 0 eng d
100 _aGupta. R. G
_95251
245 _aLab manual maths
260 _aNew Delhi
_bArya Publication
_c2008